01698 a2200241 45000010006000000050017000060080041000230030015000640400040000790800133001192450082002520200022003342500013003562640033003693000019004025050439004210410008008601000036008687000027009046500214009318560095011456500216012404044020260407155657.0260407a2014 arg spa dAR-UNSa-BCEJYS aAR-UNSa-BCEJYSbspacAR-UNSa-BCEJYS a349.2(094.5)x(Legislación del trabajo (Legislación laboral, contrato de trabajo,procedimiento laboral,riesgo laboral etc.))10aLeyes fundamentales del trabajopsus reglamentos y anotaciones complemetarias a978-987-03-2729-5 a13a. ed. 1aBuenos Aires :bLa Leyc2014 a413 p.c24 cm. a1. Ley de contrato de trabajo - 2. Pequeñas empresas - 3. Régimen de pasantías - 4. Ley Nacional de empleo - 5. Ley de riesgos de trabajo - 6. Asociaciones sindicales - 7. Convenciones colectivas de trabajo - 8. Huelga en los servicios esenciales - 9. Procedimiento para la negociación colectiva - 10. Conciliación obligatoria - 11. Reforma laboral - 12. Régimen laboral - 13. Sociedades laborales - 14. Jornada de trabajo aspa1 aFernández Madrid, Juan Carlos1 aCaubet, Amanda Beatriz aLey Nº 20.744 Ley Nº 21.297 Ley Nº 26.427 Ley Nº 24.013 Ley Nº 24.557 Ley Nº 26.773 Ley Nº 23.551 Ley Nº 14.250 Ley Nº 25.877 Ley Nº 23.546 Ley Nº 14.786 Ley Nº 25.013 Ley Nº 25.877 Ley Nº 11.54441uhttps://biblioeco.unsa.edu.ar/pmb/images/libros/L125821.jpgyImagen de portadaqimage/jpeg a ley nº 20 744 ley nº 21 297 ley nº 26 427 ley nº 24 013 ley nº 24 557 ley nº 26 773 ley nº 23 551 ley nº 14 250 ley nº 25 877 ley nº 23 546 ley nº 14 786 ley nº 25 013 ley nº 25 877 ley nº 11 544